000 00599nam a2200169 4500
999 _c171415
_d171415
005 20200113125526.0
010 _aENG-127358
020 _a9788193838280
_c395.00
035 _aEN-110890
037 _bDBAD/PUB
082 _a305.420.954
245 _aWellness skill Development and women Empowerment :
_cedited by T.Gopinath [and] Sindhu k.k
_b/
260 _a Delhi
_bShipra Publications
_c2019
270 _aLG 18-19,Pankaj central Market IP Ext.,Patpargani
_b Delhi
_e110092
_minfo@shiprapublication.com
300 _a159p.
_c23cm(pbk)
942 _2ddc
_cEN
_h305.420.954
_mWEL